| 000 | 00355nam a2200145Ia 4500 | ||
|---|---|---|---|
| 008 | 191201s2008 xx 000 0 und d | ||
| 082 |
_a658.45 _bGUE |
||
| 100 | _aGUPTA, Rajhans | ||
| 245 | 0 | _aEssentials of Communication | |
| 250 | _aRev. | ||
| 260 |
_aMeerut _bPragati Prakashan Meerut _c2008 |
||
| 300 | _amisc. | ||
| 650 | _aApplied | ||
| 942 |
_2ddc _cBK |
||
| 999 |
_c3827 _d3827 |
||